000 01126nam a22003137a 4500
001 7307
003 FISKH
005 20250709091315.0
008 250709b cb ||||| |||| 00| 0 eng d
020 _a9780679872764
040 _aFISKH
_beng
_cFISKH
_dFISKH
050 _a PZ7.W5718 N
082 _a813.5
100 _aWhelan, Gloria
_d(1923-)
245 _aNight of the full moon /
_cBy Gloria Whelan ; Illustrated by Leslie Bowman ; Cover illustration by Tony Meers
250 _aThis edition first published in 1993
260 _aToronto :
_bRandom House,
_c1993
300 _a63 pages :
_billustrations ;
_c20 cm
490 _aA stepping stone book
505 _aR
520 _aIn 1840, Libby, living with her family on the Michigan frontier, finds herself inadvertently caught up in the forced evacuation of a group of Potawatomi Indians from their tribal lands.
521 8 _a660
_bLexile
521 8 _aR
_bRaz-Plus
650 _2Michigan
_aNative Americans
650 _2Potawatomi Indians
_aIndian Displacement
700 _aBowman, Leslie
_dillustrator
942 _2ddc
_cBK
_n0
999 _c7307
_d7307